International business english communication skills in english for business purposes. Student's Book

Uložené v:
Podrobná bibliografia
Hlavný autor: Jones, Leo
Ďalší autori: Alexander, Richard
Médium: Kniha
Jazyk:English
Vydavateľské údaje: Cambridge University Press 1992
Vydanie:7. ed.
Predmet:
Tagy: Pridať tag
Žiadne tagy, Buďte prvý, kto otaguje tento záznam!

MARC

LEADER 00000nam a2200000 4500
001 c002262
005 20221221080223.5
020 |a 0-521-36957-6 
041 0 |a eng 
044 |a GB 
245 1 0 |a International business english  |b communication skills in english for business purposes. Student's Book  |c Leo Jones, Richard Alexander 
250 |a 7. ed. 
264 1 |a Cambridge  |b University Press  |c 1992 
300 |a 236 s. 
610 2 0 |a angličtina 
610 2 0 |a obchod medzinárodný 
610 2 0 |a terminológia 
610 2 0 |a jazykoveda 
610 2 0 |a študenti 
100 1 |a Jones, Leo 
700 1 |a Alexander, Richard